| Tag |
First Indicator |
Second Indicator |
Subfields |
| LEADER |
00000cam a2200000 a 4500 |
| 001 |
in00000099268 |
| 005 |
20150924160122.0 |
| 008 |
811124s1981 enk 00011 eng d |
| 020 |
|
|
|a 0333321839
|
| 035 |
|
|
|a (OCoLC)07953763
|
| 035 |
|
|
|9 AAL0144AM
|
| 040 |
|
|
|a NOC
|c NOC
|d TXA
|d UtOrBLW
|
| 049 |
|
|
|a TXAM
|c [802687]
|
| 090 |
|
|
|a PR6013.O2
|b D3
|
| 100 |
1 |
|
|a Godden, Rumer,
|d 1907-1998.
|
| 245 |
1 |
4 |
|a The dark horse /
|c Rumer Godden.
|
| 264 |
|
1 |
|a London :
|b Macmillan,
|c 1981.
|
| 300 |
|
|
|a 202 pages ;
|c 21 cm.
|
| 336 |
|
|
|a text
|b txt
|2 rdacontent
|
| 337 |
|
|
|a unmediated
|b n
|2 rdamedia
|
| 338 |
|
|
|a volume
|b nc
|2 rdacarrier
|
| 999 |
|
|
|a MARS
|
| 999 |
f |
f |
|s fba9ac64-5221-35db-a985-35ba50575f0a
|i fce20a9c-e7c3-396e-96de-c0a9563668a0
|t 0
|
| 952 |
f |
f |
|p ric
|a Texas A&M University
|b Rellis Campus
|c Joint Library Facility
|d Remote Storage
|t 0
|e PR6013.O2 D3
|h Library of Congress classification
|i unmediated -- volume
|m A14806271054
|
| 998 |
f |
f |
|a PR6013.O2 D3
|t 0
|l Remote Storage
|